Practical Systems Thinking /

Obra introductoria a la aplicacion de métodos y sistemas para la resolución de problemas empresariales.

Gardado en:
Detalles Bibliográficos
Autor Principal: Waring, Alan (autor)
Formato: Libro
Idioma:inglés
Publicado: Londres, Inglaterra : Thomson, 1996, c1996
Temas:
Etiquetas: Engadir etiqueta
Sen Etiquetas, Sexa o primeiro en etiquetar este rexistro!

MARC

LEADER 00000nam^a2200000^a^4500
001 000104958
005 20250521000000.0
009 20260310093444.162
020 |a 0-412-71750-6 
037 |a Acervo ITESO - Biblioteca 
041 |a ING 
082 |a 658. 4  |b WAR 
100 |a Waring, Alan  |e (autor) 
245 1 0 |a Practical Systems Thinking /  |c A. Waring. 
264 4 |a Londres, Inglaterra :  |b Thomson,  |c 1996, c1996 
300 |a 282 p. 
336 |a texto  |b txt  |2 rdacontenido 
337 |a sin mediación  |b n  |2 rdamedio 
338 |a volumen  |b nc  |2 rdasoporte 
520 |a Obra introductoria a la aplicacion de métodos y sistemas para la resolución de problemas empresariales. 
649 |a XX 
650 |a Teoría de Sistemas 
650 |a Toma de Decisiones 
650 |a Solución de Problemas 
650 |a Proceso Administrativo -  |x Dirección 
650 |a Administración 
650 |a Ciencias Administrativas 
910 |a Fondo General 
920 |a Impresos - Libros 
930 |a Colección General 
905 |a 101 
901 |a 0500040580  |b IT1  |c ACC  |u 20250521 
902 |a https://opac.biblio.iteso.mx/vufind/Record/000104958